000 00848nam a22002777a 4500
001 7439
003 FISKH
005 20250716090052.0
008 250716b cb ||||| |||| 00| 0 eng d
040 _aFISKH
_beng
_cFISKH
_dFISKH
050 _aPZ7.W6845 B
082 _a463
100 _aWillson, Sarah
245 _aBehold, no Cavities! :
_bA visit to the dentist /
_cby Sarah Willson ; illustrated by Harry Moore
260 _aNew York :
_bSimon Spotlight,
_c2007.
300 _a24 pages :
_bcolor illustrations ;
_c21 cm
490 _aSpongeBob SquarePants
505 _aJ
520 _aSpongeBob and Patrick visits the dentist.
521 8 _a500
_bLexile
521 8 _aJ
_bRaz-Plus
650 _aSpongeBob
_vFillings
_xConquering Fears
700 _aMoore, Harry
_eillustrator
942 _2ddc
_cBK
_n0
999 _c7439
_d7439